<?xml version="1.0" encoding="UTF-8"?>
<record
    xmlns:xsi="http://www.w3.org/2001/XMLSchema-instance"
    xsi:schemaLocation="http://www.loc.gov/MARC21/slim http://www.loc.gov/standards/marcxml/schema/MARC21slim.xsd"
    xmlns="http://www.loc.gov/MARC21/slim">

  <leader>02306nam0a2200337   4500</leader>
  <controlfield tag="001">RU\NLR\bibl\935395</controlfield>
  <controlfield tag="005">20260407135730.0</controlfield>
  <datafield tag="010" ind1=" " ind2=" ">
    <subfield code="a">5-86937-062</subfield>
    <subfield code="9">200</subfield>
  </datafield>
  <datafield tag="035" ind1=" " ind2=" ">
    <subfield code="a">(NLR Aleph) 000923597</subfield>
  </datafield>
  <datafield tag="090" ind1=" " ind2=" ">
    <subfield code="a">115383</subfield>
    <subfield code="c">115383</subfield>
  </datafield>
  <datafield tag="100" ind1=" " ind2=" ">
    <subfield code="a">20060419d2004    |||y0rusy50      ca</subfield>
  </datafield>
  <datafield tag="101" ind1="0" ind2=" ">
    <subfield code="a">rus</subfield>
  </datafield>
  <datafield tag="102" ind1=" " ind2=" ">
    <subfield code="a">RU</subfield>
  </datafield>
  <datafield tag="105" ind1=" " ind2=" ">
    <subfield code="a">y   |||||||||</subfield>
  </datafield>
  <datafield tag="200" ind1="1" ind2=" ">
    <subfield code="a">&#x420;&#x43E;&#x43C;&#x430;&#x43D; &#x410;. &#x41F;. &#x41F;&#x43B;&#x430;&#x442;&#x43E;&#x43D;&#x43E;&#x432;&#x430; "&#x427;&#x435;&#x432;&#x435;&#x43D;&#x433;&#x443;&#x440;": &#x430;&#x432;&#x442;&#x43E;&#x440;&#x441;&#x43A;&#x430;&#x44F; &#x43F;&#x43E;&#x437;&#x438;&#x446;&#x438;&#x44F; &#x438; &#x43A;&#x43E;&#x43D;&#x442;&#x435;&#x43A;&#x441;&#x442;&#x44B; &#x432;&#x43E;&#x441;&#x43F;&#x440;&#x438;&#x44F;&#x442;&#x438;&#x44F;</subfield>
    <subfield code="e">&#x43C;&#x435;&#x436;&#x432;&#x443;&#x437;&#x43E;&#x432;&#x441;&#x43A;&#x438;&#x439; &#x441;&#x431;&#x43E;&#x440;&#x43D;&#x438;&#x43A; &#x43D;&#x430;&#x443;&#x447;&#x43D;&#x44B;&#x445; &#x442;&#x440;&#x443;&#x434;&#x43E;&#x432;, [&#x43F;&#x43E;&#x441;&#x432;&#x44F;&#x449;&#x435;&#x43D;&#x43D;&#x44B;&#x439; 50-&#x43B;&#x435;&#x442;&#x438;&#x44E; &#x441;&#x43E; &#x434;&#x43D;&#x44F; &#x441;&#x43C;&#x435;&#x440;&#x442;&#x438; &#x43F;&#x438;&#x441;&#x430;&#x442;&#x435;&#x43B;&#x44F;</subfield>
    <subfield code="e">&#x43F;&#x43E; &#x43C;&#x430;&#x442;&#x435;&#x440;&#x438;&#x430;&#x43B;&#x430;&#x43C; IV &#x41F;&#x43B;&#x430;&#x442;&#x43E;&#x43D;&#x43E;&#x432;. &#x447;&#x442;&#x435;&#x43D;&#x438;&#x439;</subfield>
    <subfield code="f">&#x440;&#x435;&#x434;&#x43A;&#x43E;&#x43B;.: &#x422;.&#x410;. &#x41D;&#x438;&#x43A;&#x43E;&#x43D;&#x43E;&#x432;&#x430; &#x438; &#x434;&#x440;.]</subfield>
  </datafield>
  <datafield tag="210" ind1=" " ind2=" ">
    <subfield code="a">&#x412;&#x43E;&#x440;&#x43E;&#x43D;&#x435;&#x436;</subfield>
    <subfield code="c">&#x412;&#x43E;&#x440;&#x43E;&#x43D;&#x435;&#x436;&#x441;&#x43A;&#x438;&#x439; &#x433;&#x43E;&#x441;&#x443;&#x434;&#x430;&#x440;&#x441;&#x442;&#x432;&#x435;&#x43D;&#x43D;&#x44B;&#x439; &#x443;&#x43D;&#x438;&#x432;&#x435;&#x440;&#x441;&#x438;&#x442;&#x435;&#x442;</subfield>
    <subfield code="d">2004</subfield>
  </datafield>
  <datafield tag="215" ind1=" " ind2=" ">
    <subfield code="a">223, [1] c.</subfield>
    <subfield code="d">20</subfield>
  </datafield>
  <datafield tag="300" ind1=" " ind2=" ">
    <subfield code="a">&#x412; &#x43D;&#x430;&#x434;&#x437;&#x430;&#x433;.: &#x412;&#x43E;&#x440;&#x43E;&#x43D;&#x435;&#x436;. &#x433;&#x43E;&#x441;. &#x443;&#x43D;-&#x442;, &#x424;&#x438;&#x43B;&#x43E;&#x43B;. &#x444;&#x430;&#x43A;., &#x41A;&#x430;&#x444;. &#x440;&#x443;&#x441;. &#x43B;&#x438;&#x442;. XX &#x432;&#x435;&#x43A;&#x430;, &#x41B;&#x430;&#x431;. &#x43F;&#x43E; &#x438;&#x437;&#x443;&#x447;. &#x43C;&#x438;&#x440;&#x43E;&#x432;&#x43E;&#x433;&#x43E; &#x43B;&#x438;&#x442;. &#x43F;&#x440;&#x43E;&#x446;&#x435;&#x441;&#x441;&#x430; XX &#x432;&#x435;&#x43A;&#x430;</subfield>
  </datafield>
  <datafield tag="320" ind1=" " ind2=" ">
    <subfield code="a">&#x411;&#x438;&#x431;&#x43B;&#x438;&#x43E;&#x433;&#x440;. &#x432; &#x43A;&#x43E;&#x43D;&#x446;&#x435; &#x442;&#x440;.</subfield>
  </datafield>
  <datafield tag="604" ind1=" " ind2=" ">
    <subfield code="1">700#1$a&#x41F;&#x43B;&#x430;&#x442;&#x43E;&#x43D;&#x43E;&#x432;$g&#x410;&#x43D;&#x434;&#x440;&#x435;&#x439; &#x41F;&#x43B;&#x430;&#x442;&#x43E;&#x43D;&#x43E;&#x432;&#x438;&#x447;$b&#x410;. &#x41F;.$f1899 - 1951</subfield>
    <subfield code="1">50010$a"&#x427;&#x435;&#x432;&#x435;&#x43D;&#x433;&#x443;&#x440;"$j&#x421;&#x431;&#x43E;&#x440;&#x43D;&#x438;&#x43A;&#x438;$2nlr_sh2$3RU\NLR\AUTH\66860905</subfield>
    <subfield code="a">&#x41F;&#x43B;&#x430;&#x442;&#x43E;&#x43D;&#x43E;&#x432;, &#x410;&#x43D;&#x434;&#x440;&#x435;&#x439; &#x41F;&#x43B;&#x430;&#x442;&#x43E;&#x43D;&#x43E;&#x432;&#x438;&#x447; (1899 - 1951)</subfield>
    <subfield code="t">"&#x427;&#x435;&#x432;&#x435;&#x43D;&#x433;&#x443;&#x440;"</subfield>
    <subfield code="j">&#x421;&#x431;&#x43E;&#x440;&#x43D;&#x438;&#x43A;&#x438;</subfield>
    <subfield code="9">1892647</subfield>
    <subfield code="3">RU\NLR\AUTH\66860905</subfield>
  </datafield>
  <datafield tag="604" ind1=" " ind2=" ">
    <subfield code="1">700#1$a&#x41F;&#x43B;&#x430;&#x442;&#x43E;&#x43D;&#x43E;&#x432;$b&#x410;. &#x41F;.$f1899-1951$g&#x410;&#x43D;&#x434;&#x440;&#x435;&#x439; &#x41F;&#x43B;&#x430;&#x442;&#x43E;&#x43D;&#x43E;&#x432;&#x438;&#x447;$4070</subfield>
    <subfield code="1">50010$a&#x427;&#x435;&#x432;&#x435;&#x43D;&#x433;&#x443;&#x440;: &#x440;&#x43E;&#x43C;&#x430;&#x43D;$2psbo</subfield>
    <subfield code="a">&#x41F;&#x43B;&#x430;&#x442;&#x43E;&#x43D;&#x43E;&#x432;, &#x410;&#x43D;&#x434;&#x440;&#x435;&#x439; &#x41F;&#x43B;&#x430;&#x442;&#x43E;&#x43D;&#x43E;&#x432;&#x438;&#x447; (1899-1951)</subfield>
    <subfield code="t">&#x427;&#x435;&#x432;&#x435;&#x43D;&#x433;&#x443;&#x440;: &#x440;&#x43E;&#x43C;&#x430;&#x43D;</subfield>
  </datafield>
  <datafield tag="686" ind1=" " ind2=" ">
    <subfield code="a">&#x428;5(2=&#x420;)7-4&#x41F;&#x43B;&#x430;&#x442;&#x43E;&#x43D;&#x43E;&#x432;</subfield>
  </datafield>
  <datafield tag="702" ind1=" " ind2="1">
    <subfield code="a">&#x41D;&#x438;&#x43A;&#x43E;&#x43D;&#x43E;&#x432;&#x430;</subfield>
    <subfield code="b">&#x422;. &#x410;.</subfield>
    <subfield code="g">&#x422;&#x430;&#x43C;&#x430;&#x440;&#x430; &#x410;&#x43B;&#x435;&#x43A;&#x441;&#x430;&#x43D;&#x434;&#x440;&#x43E;&#x432;&#x43D;&#x430;</subfield>
    <subfield code="4">340</subfield>
  </datafield>
  <datafield tag="711" ind1="1" ind2="2">
    <subfield code="4">070</subfield>
    <subfield code="a">&#x41F;&#x43B;&#x430;&#x442;&#x43E;&#x43D;&#x43E;&#x432;&#x441;&#x43A;&#x438;&#x435; &#x447;&#x442;&#x435;&#x43D;&#x438;&#x44F;</subfield>
    <subfield code="d">4</subfield>
    <subfield code="f">2001</subfield>
    <subfield code="e">&#x412;&#x43E;&#x440;&#x43E;&#x43D;&#x435;&#x436;</subfield>
    <subfield code="3">RU\NLR\AUTH\8810082350</subfield>
    <subfield code="9">666882</subfield>
  </datafield>
  <datafield tag="712" ind1="0" ind2="2">
    <subfield code="4">570</subfield>
    <subfield code="a">&#x412;&#x43E;&#x440;&#x43E;&#x43D;&#x435;&#x436;&#x441;&#x43A;&#x438;&#x439; &#x433;&#x43E;&#x441;&#x443;&#x434;&#x430;&#x440;&#x441;&#x442;&#x432;&#x435;&#x43D;&#x43D;&#x44B;&#x439; &#x443;&#x43D;&#x438;&#x432;&#x435;&#x440;&#x441;&#x438;&#x442;&#x435;&#x442;</subfield>
    <subfield code="b">&#x41A;&#x430;&#x444;&#x435;&#x434;&#x440;&#x430; &#x440;&#x443;&#x441;&#x441;&#x43A;&#x43E;&#x439; &#x43B;&#x438;&#x442;&#x435;&#x440;&#x430;&#x442;&#x443;&#x440;&#x44B; XX &#x432;&#x435;&#x43A;&#x430;</subfield>
    <subfield code="3">RU\NLR\AUTH\8810051731</subfield>
    <subfield code="9">603788</subfield>
  </datafield>
  <datafield tag="801" ind1=" " ind2="0">
    <subfield code="a">RU</subfield>
    <subfield code="b">NLR</subfield>
    <subfield code="c">20060419</subfield>
    <subfield code="g">rcr</subfield>
  </datafield>
  <datafield tag="801" ind1=" " ind2="1">
    <subfield code="a">RU</subfield>
    <subfield code="b">NLR</subfield>
    <subfield code="c">20060419</subfield>
  </datafield>
  <datafield tag="830" ind1=" " ind2=" ">
    <subfield code="a">&#x440;&#x435;&#x434;. &#x43F;&#x43E; &#x42D;&#x41A; &#x420;&#x41D;&#x411;</subfield>
  </datafield>
  <datafield tag="942" ind1=" " ind2=" ">
    <subfield code="c">BOOK</subfield>
  </datafield>
  <datafield tag="980" ind1=" " ind2=" ">
    <subfield code="a">NB</subfield>
  </datafield>
  <datafield tag="995" ind1=" " ind2=" ">
    <subfield code="5">2006-04-19</subfield>
    <subfield code="a">ab</subfield>
    <subfield code="b">NLR01</subfield>
    <subfield code="c">NLR01</subfield>
    <subfield code="e">RF3</subfield>
    <subfield code="f">1-501505</subfield>
    <subfield code="k">2006-3/10920</subfield>
    <subfield code="o">0</subfield>
    <subfield code="p">100.00</subfield>
    <subfield code="r">BOOK</subfield>
    <subfield code="s">2006310920_</subfield>
  </datafield>
</record>
